Pattern making (Record no. 1772)

000 -LEADER
fixed length control field 00371nam a22001457a 4500
008 - FIXED-LENGTH DATA ELEMENTS--GENERAL INFORMATION
fixed length control field 200203b ||||| |||| 00| 0 eng d
082 00 - DEWEY DECIMAL CLASSIFICATION NUMBER
Classification number 621.7
Item number S5453
100 ## - MAIN ENTRY--PERSONAL NAME
9 (RLIN) 1384
Personal name Shelly, Joseph A.
245 10 - TITLE STATEMENT
Title Pattern making
260 ## - PUBLICATION, DISTRIBUTION, ETC. (IMPRINT)
Place of publication, distribution, etc New York
Name of publisher, distributor, etc Industrial press
Date of publication, distribution, etc 1920
300 ## - PHYSICAL DESCRIPTION
Extent x,341p.
365 ## - TRADE PRICE
Unit of pricing 23.01
650 #0 - SUBJECT ADDED ENTRY--TOPICAL TERM
Topical term or geographic name as entry element Pattern Making
942 ## - ADDED ENTRY ELEMENTS (KOHA)
Item type Books
Holdings
Withdrawn status Lost status Source of classification or shelving scheme Damaged status Not for loan Permanent location Current location Date acquired Source of acquisition Full call number Barcode Date last seen Koha item type
          IMU Kolkata IMU Kolkata 1953-02-25 A. H. Wheeler 621.7 S5453 01495 2020-02-03 Books
          IMU Kolkata IMU Kolkata 1953-02-25 A. H. Wheeler 621.7 S5453 01496 2020-02-03 Books
Designed and Maintained by IMU-KC Library, Kolkata Campus © Copyright All Rights Reserved

webs counters

Powered by Koha